Allied Names for World War II Japanese Bombers - Statistics

General Stats
  • This quiz has been taken 27 times
  • The average score is 4 of 15
Answer Stats
Model: Name: % Correct
G4M Betty
86%
B5N Kate
76%
D3A Val
67%
G3M Nell
33%
Ki-30 Ann
24%
B6N Jill
19%
Ki-21 Sally
19%
P1Y Frances
14%
B7A Grace
14%
Ki-49 Helen
14%
Ki-32 Mary
14%
Ki-48 Lily
10%
Ki-2 Louise
10%
Ki-67 Peggy
10%
Ki-51 Sonia
10%
No matching quizzes found
Score Distribution
Percent of People with Each Score
Percentile by Number Answered
Your Score History
You have not taken this quiz